LEADER 01263nam 2200361 450 001 996280478803316 005 20180319090824.0 010 $a1-5090-6356-0 035 $a(CKB)3710000001403005 035 $a(WaSeSS)IndRDA00095463 035 $a(EXLCZ)993710000001403005 100 $a20180319d2017 || | 101 0 $aeng 135 $aur||||||||||| 181 $ctxt$2rdacontent 182 $cc$2rdamedia 183 $acr$2rdacarrier 200 10$aHST $e2017 IEEE International Symposium on Technologies for Homeland Security : the Westin-Hotel Waltham-Boston, Waltham, MA, April 25-26, 2017 210 1$aNew York :$cIEEE,$d2017. 215 $a1 online resource (210 pages) 311 $a1-5090-6357-9 606 $aLaw enforcement$xTechnological innovations$vCongresses 606 $aEmergency management$xTechnological innovations$vCongresses 606 $aComputer security$xTechnological innovations$vCongresses 615 0$aLaw enforcement$xTechnological innovations 615 0$aEmergency management$xTechnological innovations 615 0$aComputer security$xTechnological innovations 801 0$bWaSeSS 801 1$bWaSeSS 906 $aPROCEEDING 912 $a996280478803316 996 $aHST$92527271 997 $aUNISA LEADER 01523nam0 22003371i 450 001 UON00342096 005 20231205104303.87 010 $a978-48-05-70358-8 100 $a20091030d2009 |0itac50 ba 101 $ajpn 102 $aJP 105 $a|||| 1|||| 200 1 $aHogaku ni okeru jodan to majime$ehogakusho o yomu hito eno kurisumasu purezento warainagara shinjitsu o kataru$dScherz und Ernst in der Jurisprudenz$fRudolf von Jhering$gYoshiaki Sanada$gHisazumi Yazawa 210 $a[Tokyo]$cChuo daigaku shuppanbu$d2009 215 $a441 p.$d21 cm 311 $aPE XV 012$9UON00146357 410 0$1001UON00146357$12001 $aNihon hikakuho? kenkyu?jo hon'yaku so?sho$1210 $aTokyo$cChuo Daigaku Shuppanbu.$v57 PE XV 012 510 1$3UON00378840$aScherz und Ernst in der Jurisprudenz 606 $aDiritto pubblico europeo$3UONC073010$2FI 620 $aJP$dTo?kyo?$3UONL000031 686 $aPE XV$cPAESI EXTRAASIATICI - GIURISPRUDENZA$2A 700 1$aJhering$bRudolf : von$3UONV107762$00 702 0$aSANADA Yoshiaki$3UONV083213 702 0$aYAZAWA Hisazumi$3UONV192079 712 $aCh?? daigaku shuppanbu$3UONV253193$4650 801 $aIT$bSOL$c20250919$gRICA 899 $aSIBA - SISTEMA BIBLIOTECARIO DI ATENEO$2UONSI 912 $aUON00342096 950 $aSIBA - SISTEMA BIBLIOTECARIO DI ATENEO$dSI PE XV 012 $eSI SA 126427 5 012 996 $aHogaku ni okeru jodan to majime$91361772 997 $aUNIOR